一枚起請文 - Statistics

General Stats
  • This quiz has been taken 2 times
  • The average score is 27 of 30
Answer Stats
Answer % Correct
唐土我朝に
100%
もろもろの智者達の
100%
沙汰しもうさるる
100%
観念の念にもあらず。
100%
又学問をして
100%
念のこころを悟りて
100%
申す念仏にもあらず。
100%
ただ往生極楽のためには、
100%
南無阿弥陀仏と申して、
100%
うたがいなく往生するぞと
100%
別の仔細候わず。
100%
ただし三心四修と
100%
申すことの候は、
100%
皆決定して
100%
南無阿弥陀仏にて
100%
往生するぞと、
100%
思ううちにこもり候なり。
100%
この外に奥深きことを存ぜば、
100%
二尊のあわれみにはずれ、
100%
一文不知の
100%
愚鈍の身になして、
100%
尼入道の無智の
100%
智者のふるまいをせずして
100%
ただ一向に念仏すべし。
100%
思い取りて申す外には
50%
本願にもれ候べし。
50%
念仏を信ぜん人は、
50%
たとい一代の法を
50%
よくよく学すとも、
50%
ともがらに同じうして、
0%
No matching quizzes found
Score Distribution
Percent of People with Each Score
Percentile by Number Answered
Your Score History
You have not taken this quiz